000 00486nam a2200181Ia 4500
003 OSt
005 20240430102021.0
008 210210b1948 xxu||||| |||| 00| 0 eng d
040 _aAL
_c
041 _aKannda
082 _a853/449
100 _aSHIVARAMA KARANTA
_921670
_dಶಿವರಾಮ ಕಾರಂತ
245 _aAidu natakagalu
_b ಐದು ನಾಟಕಗಳು
260 _aPutturu
_b-
_c1948
690 _aKannada Drama
_921673
906 _a019724
942 _2ddc
_cBK
999 _c143865
_d143865